LEADER 00858nam2-22003131i-450- 001 990000902510403321 005 20030307112004.0 035 $a000090251 035 $aFED01000090251 035 $a(Aleph)000090251FED01 035 $a000090251 100 $a20021120d1952----km-y0itay50------ba 101 0 $aita 105 $aa-------001yy 200 1 $a<>strutture degli edifici$fCamillo Guerra 205 $a3. ed. 210 $aNapoli$cPironti$d1952- 215 $a389 p.$cill.$d32 cm 461 0$1001000090250$12001$aArchitettura tecnica$v1 610 0 $aArchitettura tecnica 676 $a720.28 700 1$aGuerra,$bCamillo$02323 801 0$aIT$bUNINA$gRICA$2UNIMARC 901 $aBK 912 $a990000902510403321 952 $a13 E 16 18$b12600$fFINBC 959 $aFINBC 996 $aStrutture degli edifici$9357574 997 $aUNINA LEADER 01359nam 2200409 450 001 000005132 005 20050718115200.0 010 $a0-444-98832-7 100 $a--------d1990----km-y0itay0103----ba 101 0 $aeng 102 $aNL 200 1 $aPrinciples and methods of plant breeding$fSlavko Borojevic 210 $aAmsterdam ... [etc.]$cElsevier$d1990 215 $a368 p.$cill.$d25 cm. 225 1 $aDevelopments in crop science$v17 606 $aGenetica vegetale 606 $aPiante$xRiproduzione 606 $aPiante$xMiglioramento genetico 676 $a631.52$v(20. ed.) 700 1$aBorojevic,$bSlavko$0439492 801 0$aIT$bUniversità della Basilicata - B.I.A.$gRICA$2unimarc 912 $a000005132 996 $aPrinciples and methods of plant breeding$974603 997 $aUNIBAS BAS $aMONAGR BAS $aMONOGR BAS $aAGRARIA CAT $aMEDURI$b01$c20000725$lBAS01$h1146 CAT $c20000920$lBAS01$h1833 CAT $c20001010$lBAS01$h1636 CAT $c20050601$lBAS01$h1753 CAT $abatch$b01$c20050718$lBAS01$h1048 CAT $c20050718$lBAS01$h1107 CAT $c20050718$lBAS01$h1137 CAT $c20050718$lBAS01$h1152 FMT Z30 -1$lBAS01$LBAS01$mBOOK$1BASA2$APolo Tecnico-Scientifico$2DID$BDidattica$3PTS.s1.p7.16$9AGR/77267$677267$5A77267$820000725$f98$FConsultazione